Troyanas ; (Registro nro. 254952)

Detalles MARC
000 -LEADER
fixed length control field 02736nam a2200649 i 4500
001 - CONTROL NUMBER
control field DIGCSIC0535
003 - CONTROL NUMBER IDENTIFIER
control field NyNyDIG
006 - FIXED-LENGTH DATA ELEMENTS--ADDITIONAL MATERIAL CHARACTERISTICS
fixed length control field m o d
007 - PHYSICAL DESCRIPTION FIXED FIELD--GENERAL INFORMATION
fixed length control field cr |||||||||||
008 - FIXED-LENGTH DATA ELEMENTS--GENERAL INFORMATION
fixed length control field 210306s2018 sp ob 000 d spa d
035 ## - SYSTEM CONTROL NUMBER
System control number (OCoLC)1244450521
040 ## - CATALOGING SOURCE
Original cataloging agency DGITA
Language of cataloging eng
Description conventions rda
-- pn
Transcribing agency DGITA
020 ## - INTERNATIONAL STANDARD BOOK NUMBER
International Standard Book Number 9788400103194
Qualifying information eBook
020 ## - INTERNATIONAL STANDARD BOOK NUMBER
International Standard Book Number 840010319X
Qualifying information eBook
020 ## - INTERNATIONAL STANDARD BOOK NUMBER
Canceled/invalid ISBN 9788400103187
020 ## - INTERNATIONAL STANDARD BOOK NUMBER
Canceled/invalid ISBN 8400103181
024 7# - OTHER STANDARD IDENTIFIER
Standard number or code 059-18-033-3
Qualifying information e-NIPO
Source of number or code nipo
024 7# - OTHER STANDARD IDENTIFIER
Canceled/invalid standard number or code 059-18-032-8
Source of number or code nipo
041 1# - LANGUAGE CODE
Language code of text/sound track or separate title spa
-- grc
Language code of original grc
043 ## - GEOGRAPHIC AREA CODE
Geographic area code a-tu---
050 14 - LIBRARY OF CONGRESS CALL NUMBER
Classification number PA3976.S8 ebook
100 0# - MAIN ENTRY--PERSONAL NAME
Personal name Euripides,
Relator term author.
245 10 - TITLE STATEMENT
Title Troyanas ;
Remainder of title Ión /
Statement of responsibility, etc. Eurípides ; introducción, texto revisado y traducción de Antonio Guzmán Guerra.
246 10 - VARYING FORM OF TITLE
Title proper/short title Ión
246 3# - VARYING FORM OF TITLE
Title proper/short title Tragedias, VIII :
Remainder of title Troyanas ; Ión
264 #1 - PRODUCTION, PUBLICATION, DISTRIBUTION, MANUFACTURE, AND COPYRIGHT NOTICE
Place of production, publication, distribution, manufacture Madrid :
Name of producer, publisher, distributor, manufacturer Consejo Superior de Investigaciones Científicas,
Date of production, publication, distribution, manufacture, or copyright notice 2018.
300 ## - PHYSICAL DESCRIPTION
Extent 1 online resource.
336 ## - CONTENT TYPE
Content type term text
Content type code txt
Source rdacontent
337 ## - MEDIA TYPE
Media type term computer
Media type code c
Source rdamedia
338 ## - CARRIER TYPE
Carrier type term online resource
Carrier type code cr
Source rdacarrier
347 ## - DIGITAL FILE CHARACTERISTICS
File type text file
Source rdaft
347 ## - DIGITAL FILE CHARACTERISTICS
Encoding format PDF
490 1# - SERIES STATEMENT
Series statement Tragedias / Eurípides ;
Volume/sequential designation 8
490 1# - SERIES STATEMENT
Series statement Alma mater
504 ## - BIBLIOGRAPHY, ETC. NOTE
Bibliography, etc. note Includes bibliographical references.
546 ## - LANGUAGE NOTE
Language note Text in Greek and Spanish; introduction and notes in Spanish.
588 0# - SOURCE OF DESCRIPTION NOTE
Source of description note Online resource; title from PDF title page (Digitalia, viewed March 8, 2021)
600 00 - SUBJECT ADDED ENTRY--PERSONAL NAME
Personal name Ion
Titles and other words associated with a name (Mythological character)
Form subdivision Drama.
650 #0 - SUBJECT ADDED ENTRY--TOPICAL TERM
Topical term or geographic name entry element Women
Geographic subdivision Turkey
-- Troy (Extinct city)
Form subdivision Drama.
650 #0 - SUBJECT ADDED ENTRY--TOPICAL TERM
Topical term or geographic name entry element Trojan War
Form subdivision Drama.
651 #0 - SUBJECT ADDED ENTRY--GEOGRAPHIC NAME
Geographic name Troy (Extinct city)
Form subdivision Drama.
655 #0 - INDEX TERM--GENRE/FORM
Genre/form data or focus term Electronic books.
700 1# - ADDED ENTRY--PERSONAL NAME
Personal name Guzmán Guerra, Antonio,
Relator term editor,
-- translator.
700 02 - ADDED ENTRY--PERSONAL NAME
Relationship information Container of (work):
Personal name Euripides.
Title of a work Trojan women.
Language of a work Greek
Version (Guzmán Guerra)
700 02 - ADDED ENTRY--PERSONAL NAME
Relationship information Container of (expression):
Personal name Euripides.
Title of a work Trojan women.
Language of a work Spanish
Version (Guzmán Guerra)
700 02 - ADDED ENTRY--PERSONAL NAME
Relationship information Container of (work):
Personal name Euripides.
Title of a work Ion.
Language of a work Greek
Version (Guzmán Guerra)
700 02 - ADDED ENTRY--PERSONAL NAME
Relationship information Container of (expression):
Personal name Euripides.
Title of a work Ion.
Language of a work Spanish
Version (Guzmán Guerra)
791 2# -
-- Digitalia (Firm),
-- distributor.
793 0# -
-- Digitalia eBook Collection:
-- Editorial CSIC
776 08 - ADDITIONAL PHYSICAL FORM ENTRY
Relationship information Print version:
Main entry heading Euripides.
Title Troyanas.
Place, publisher, and date of publication Madrid : Consejo Superior de Investigaciones Científicas, 2018
International Standard Book Number 9788400103187
Record control number (DLC) 2018427173
-- (OCoLC)1056235683
800 0# - SERIES ADDED ENTRY--PERSONAL NAME
Personal name Euripides.
Title of a work Works.
Language of a work Greek
Version (Consejo Superior de Investigaciones Científicas (Spain)) ;
Volume/sequential designation 8.
800 0# - SERIES ADDED ENTRY--PERSONAL NAME
Personal name Euripides.
Title of a work Works.
Language of a work Spanish
Version (Consejo Superior de Investigaciones Científicas (Spain)) ;
Volume/sequential designation 8.
830 #0 - SERIES ADDED ENTRY--UNIFORM TITLE
Uniform title Alma mater (Series) (Madrid, Spain)
856 40 - ELECTRONIC LOCATION AND ACCESS
Materials specified Digitalia Hispánica
Uniform Resource Identifier <a href="https://www.digitaliapublishing.com/a/56608/">https://www.digitaliapublishing.com/a/56608/</a>
910 ## - USER-OPTION DATA (OCLC)
User-option data Premium collection: 2021
942 ## - ADDED ENTRY ELEMENTS (KOHA)
Koha item type Recurso Electrónico
Existencias
Withdrawn status Lost status Damaged status Not for loan Collection Home library Current library Date acquired Total checkouts Date last seen Price effective from Koha item type
        Digitalia Ebooks Hispanica Biblioteca Digital UIN Biblioteca Digital UIN 04/25/2025   04/25/2025 04/25/2025 Recurso Electrónico

CONTACTO


NOSOTROS


SITIOS DE INTERES

coordinacion.biblioteca.biblioteca@unienlinea.mx Misión, Visión y Objetivos Bases de datos
Directorio Bibliotecas Digitales y Repositorios
Normatividad Revistas y artículos
Convenios interbibliotecarios
Boletines



Hecho en México. Universidad Insurgentes (UIN). Todos los derechos reservados 2024. Esta página y sus contenidos pueden ser reproducidos con fines no lucrativos, siempre y cuando no se mutile, se cite la fuente completa y su dirección electrónicas. De otra forma requiere permiso previo por escrito de la institución




2024 Copyright Universidad Insurgentes | www.bibliouin.com.mx